| 000 | 00786nam a2200229 u 4500 | ||
|---|---|---|---|
| 001 | 000002206 | ||
| 003 | DO-SdBNP | ||
| 005 | 20240305124616.0 | ||
| 007 | ta | ||
| 008 | 090701s2015 dr a r 000 0 spa d | ||
| 040 |
_aDO-SdBNP _bspa _cBNPHU |
||
| 082 | 4 |
_axxx _bP762c _222 |
|
| 100 | 1 |
_a Cruz Infante, José A., _q(José Abigail) _92460 |
|
| 245 | 1 | 0 |
_aEl carbonerito de las atarazanas : _bhistoria novelada y costumbrista / _cTeodulo Polanco Blanchard |
| 246 | _aAlcazar de Colón estilo gótico, construida en 1511-1514, Virreynato de don Diego Colón | ||
| 260 |
_aSanto Domingo : _bs.n., _c2015 |
||
| 300 |
_a589 p : _bil. ; _c29 cm. |
||
| 590 | _aInventariado, 2022 / DG | ||
| 651 | 4 |
_aMoca (República Dominicana) _xHistoria local _97056 |
|
| 910 | _aDG | ||
| 942 |
_2ddc _cLBS1 |
||
| 999 |
_c52611 _d52611 |
||